| 000 | 00548nam a2200157Ia 4500 | ||
|---|---|---|---|
| 008 | 210430s9999 xx 000 0 und d | ||
| 020 | _a9780748766758 | ||
| 082 | _a620 G354 M | ||
| 100 |
_aJames M Gere _913396 |
||
| 245 |
_aMechanics of Materials 5th ed _cJames M Gere |
||
| 260 |
_aAustralia _bBrooks/Cole _c2001 |
||
| 300 | _a926p. | ||
| 856 |
_uhttp://10.250.8.41:8080/xmlui/handle/123456789/14707 _yFor 8th edition click here |
||
| 856 |
_uhttp://10.250.8.41:8080/xmlui/handle/123456789/40961 _yFor 6th edition click here |
||
| 942 |
_cBK _2ddc |
||
| 999 |
_c562984 _d562984 |
||